000
00242nam a2200097Ia 4500
005
20251222175818.0
008
251222s9999||||xx |||||||||||||| ||spa||
082
_a
DVD0070/L35/2004
245
0
_a
El hombre del tren:Man on the train
942
_c
DVD
999
_c
40379
_d
40379